Statistics for Cities that End in D by Clue

Click here to take the quiz!

General Stats

  • This quiz has been taken 145 times
  • The average score is 12 of 20

Answer Stats

ClueCity% Correct
Home to the oldest university in the United KingdomOxford
96%
Real _______, Atlético ______Madrid
93%
Capital of New Zealand between 1841-65Auckland
84%
It is one of the Pakistani "twin cities" with RawalpindiIslamabad
76%
There is one of these in Oregon and another in MainePortland
72%
Capital of the Islamic Golden AgeBaghdad
70%
Capital of the ConfederacyRichmond
67%
English city known as the "Steel City"Sheffield
66%
Russian exclave between Lithuania and PolandKaliningrad
65%
BVB is based in this German cityDortmund
64%
The Battle of Stalingrad took place in this cityVolgograd
59%
Capital of Talangana, India or the most populous city on the Indus RiverHyderabad
56%
Mahatma Gandhi started his Salt March in this cityAhmedabad
53%
Second-biggest city in Serbia - capital of VojvodinaNovi Sad
51%
Major Egyptian city on the northern terminus of the Suez CanalPort Said
43%
Second most populous Iranian city in terms of city properMashhad
40%
Second-biggest city in Uzbekistan - one of the main cities of the Silk RoadSamarkand
36%
This German city doesn't actually existBielefeld
33%
Russian city formerly known as GorkyNizhny Novgorod
32%
The Cuyahoga River was "caught on fire" in this city in 1952Cleveland
32%

Score Distribution

Percentile by Number Answered

Percent of People with Each Score

Your Score History

You have not taken this quiz